Welcome to CU Library Online Public Access Catalogue (OPAC)

Laboratory Test Handbook/ (Record no. 3189)

MARC details
000 -LEADER
fixed length control field 00468nam a22001577a 4500
005 - DATE AND TIME OF LATEST TRANSACTION
control field 20250129090846.0
008 - FIXED-LENGTH DATA ELEMENTS--GENERAL INFORMATION
fixed length control field 250129b |||||||| |||| 00| 0 eng d
020 ## - INTERNATIONAL STANDARD BOOK NUMBER
International Standard Book Number 9780916589363
050 ## - LIBRARY OF CONGRESS CALL NUMBER
Classification number RB37
Item number .L2758
245 ## - TITLE STATEMENT
Title Laboratory Test Handbook/
Remainder of title with key word index
Statement of responsibility, etc. David S. Jacobs...et al.,
250 ## - EDITION STATEMENT
Edition statement 4th ed.
260 ## - PUBLICATION, DISTRIBUTION, ETC.
Place of publication, distribution, etc. Hudson(Cleveland)
Name of publisher, distributor, etc. Lexi-Comp INC
Date of publication, distribution, etc. 1996
300 ## - PHYSICAL DESCRIPTION
Extent 825p.
Other physical details ill.
Dimensions 28.5cm
700 ## - ADDED ENTRY--PERSONAL NAME
Personal name Jacobs, David S.
942 ## - ADDED ENTRY ELEMENTS (KOHA)
Source of classification or shelving scheme Library of Congress Classification
Koha item type Books
Edition 4th ed.
Suppress in OPAC No
999 ## -
-- 3189
-- 3189
Holdings
Withdrawn status Lost status Source of classification or shelving scheme Damaged status Not for loan Collection Home library Current library Shelving location Date acquired Total checkouts Full call number Barcode Date last seen Copy number Price effective from Koha item type
    Library of Congress Classification     Non-fiction Science Library (Miotso) Science Library (Miotso) General stacks 01/29/2025   RB37 .L2758 LAB SLM00002476 01/29/2025 1 01/29/2025 Books
© 2023-2024 Copyright: Central University Libraries. All Rights Reserved | Created by: Mahone Tech Office